The first fifty years of the staff College Quetta (1905-1955) / (Record no. 194007)

000 -LEADER
fixed length control field 00931 a2200145 4500
003 - CONTROL NUMBER IDENTIFIER
control field Nust
005 - DATE AND TIME OF LATEST TRANSACTION
control field 20230208104123.0
040 ## - CATALOGING SOURCE
Transcribing agency Nust
082 ## - DEWEY DECIMAL CLASSIFICATION NUMBER
Classification number 954.1,THE
245 ## - TITLE STATEMENT
Title The first fifty years of the staff College Quetta (1905-1955) /
260 ## - PUBLICATION, DISTRIBUTION, ETC.
Place of publication, distribution, etc. Quetta
Name of publisher, distributor, etc. Staff college Quetta
Date of publication, distribution, etc. 1962
300 ## - PHYSICAL DESCRIPTION
Extent 80 pages
505 ## - FORMATTED CONTENTS NOTE
Formatted contents note The Emblem (Page-1), The Charter of the staff College in 1905 and 1955 (Page-2), An Historical Sketch covering the first Fifty Years (Page-3), Broad Outline of the Syllabus in 1905 and 1955 (Page-27), Life in the Staff College in 1905 and 1955 (Page-31), The Trophies of the Staff College Officer’ Mess (Page-37), The Owl (Page-41), Commandants of the staff College from 1905 and 1955 (Page-42), The Directing Staff and Students of 1905 (Page-43), The Directing Staff and Students of 1955 (Page-45), Some of the Notable graduates (Page-48), Some Reminiscences (Page-49).
942 ## - ADDED ENTRY ELEMENTS (KOHA)
Source of classification or shelving scheme
Koha item type Book
Call number prefix 954.1,THE
Holdings
Withdrawn status Lost status Source of classification or shelving scheme Damaged status Not for loan Permanent Location Current Location Shelving location Date acquired Full call number Barcode Date last seen Price effective from Koha item type Public note
          Military College of Signals (MCS) Military College of Signals (MCS) General Stacks 12/12/2016 954.1,THE MCS29378 12/08/2016 12/12/2016 Book Almirah No. 61, Shelf No. 5
© 2023 Central Library, National University of Sciences and Technology. All Rights Reserved.